El mensaje de la cruz / Raquel Boqué de Monsalve, Editor (Registro nro. 43023)
[ vista simple ]
| 000 -LÍDER | |
|---|---|
| Campo fijo de descripción fija | 004610000a22001210004500 |
| 001 - NÚMERO DE CONTROL | |
| Campo de control | 14110 |
| 041 0# - CÓDIGO DE IDIOMA | |
| Código de idioma para texto/pista de sonido o título separado | |
| 082 04 - NÚMERO DE CLASIFICACIÓN DECIMAL DEWEY | |
| Número de clasificación | AV 0241 |
| 245 10 - TÍTULO | |
| Título del Material | El mensaje de la cruz / Raquel Boqué de Monsalve, Editor |
| 300 ## - DESCRIPCIÓN FÍSICA | |
| Extensión | 16 Pág. |
| 505 00 - NOTA DE CONTENIDO | |
| Nota de contenido con formato preestablecido | - Henry, Jesucristo te ama. Segebre, Moshé - Impacto sin precedentes - La vida que agrada a Dios. Hegre, T. A. - La ventana 10/40 y la estrategia para las misiones - Hallados y limpiados. Brokke, Harold J. |
| 942 ## - TIPO DE MATERIAL (KOHA) | |
| Tipo de Item KOHA | Libros General |
| Estado de Material | Estado de Perdido | Estado de Dañado | No para Préstamo | Colección | Tomo | Biblioteca de Origen | Biblioteca Permanente | Fecha de Adquisición | Total de Préstamos | Signatura Topográfica | Código de Barras | Última vez visto | Ejemplar/Existencia | Fecha de Remplazo | Tipo de Material |
|---|---|---|---|---|---|---|---|---|---|---|---|---|---|---|---|
| Colección Folletos | Biblioteca FUSBC | Biblioteca FUSBC | 27/10/2006 | AV 0241 | 23338 | 12/12/2019 | 1 | 26/01/2016 | Documentos Archivo Vertical |
